Guess the 1970s song lyrics #355 - Statistics

General Stats
  • This quiz has been taken 14 times
  • The average score is 151 of 252
Answer Stats
Answer % Correct
a
100%
A
100%
the
100%
The
100%
you
100%
You
100%
And
92%
and
92%
be
92%
I
92%
not
92%
then
92%
Then
92%
for
85%
have
85%
if
85%
in
85%
it
85%
My
85%
my
85%
of
85%
Of
85%
on
85%
there
85%
to
85%
was
85%
We
85%
Were
85%
were
85%
Where
85%
your
85%
all
77%
are
77%
But
77%
can
77%
from
77%
I'll
77%
is
77%
It's
77%
know
77%
me
77%
Now
77%
now
77%
see
77%
so
77%
that
77%
They
77%
As
69%
at
69%
back
69%
come
69%
Could
69%
could
69%
Here
69%
here
69%
I've
69%
just
69%
over
69%
Well
69%
what
69%
with
69%
you're
69%
again
62%
around
62%
give
62%
good
62%
I'd
62%
loved
62%
out
62%
said
62%
some
62%
too
62%
need
54%
Our
54%
that's
54%
things
54%
word
54%
Yes
54%
comes
46%
eyes
46%
free
46%
into
46%
something
46%
telling
46%
than
46%
words
46%
air
38%
another
38%
both
38%
call
38%
calling
38%
damned
38%
fall
38%
full
38%
girl
38%
keep
38%
light
38%
lost
38%
moon
38%
shell
38%
sit
38%
telephone
38%
window
38%
yours
38%
Already
31%
already
31%
arms
31%
booth
31%
bring
31%
Cause
31%
clearly
31%
couple
31%
diamonds
31%
died
31%
Falling
31%
hair
31%
half
31%
Hand
31%
known
31%
leaves
31%
paid
31%
remember
31%
rust
31%
sea
31%
standing
31%
stayed
31%
years
31%
ago
23%
bluer
23%
bought
23%
breath
23%
brought
23%
brown
23%
burst
23%
clouds
23%
cufflinks
23%
dearly
23%
eggs
23%
ghost
23%
hangs
23%
happened
23%
Heading
23%
Hearing
23%
hotel
23%
keeping
23%
legend
23%
lousy
23%
Madonna
23%
memories
23%
Midwest
23%
Mingles
23%
nostalgic
23%
offering
23%
original
23%
phenomenon
23%
poetry
23%
robin's
23%
scene
23%
smiling
23%
snow
23%
Speaking
23%
Square
23%
straight
23%
strayed
23%
strictly
23%
Temporarily
23%
Ten
23%
unharmed
23%
unusual
23%
unwashed
23%
vagabond
23%
vague
23%
vagueness
23%
voice
23%
Washington
23%
white
23%
crumby
8%
No matching quizzes found
Score Distribution
Percent of People with Each Score
Percentile by Number Answered
Your Score History
You have not taken this quiz